Cryptography and security. (Record no. 191490)

MARC details
000 -LEADER
fixed length control field 00749nam a2200241Ia 4500
005 - DATE AND TIME OF LATEST TRANSACTION
control field 20220621173907.0
008 - FIXED-LENGTH DATA ELEMENTS--GENERAL INFORMATION
fixed length control field 210716s2011 xx 000 0 und d
020 ## - INTERNATIONAL STANDARD BOOK NUMBER
International Standard Book Number 9788126522859
040 ## - CATALOGING SOURCE
Transcribing agency AIMIT LIBRARY
041 ## - LANGUAGE CODE
Language code of text/sound track or separate title eng
082 ## - DEWEY DECIMAL CLASSIFICATION NUMBER
Classification number 005.82
Edition number 1
Item number HARN
100 ## - MAIN ENTRY--PERSONAL NAME
Personal name Shyamala, C K; Harini, N; Padmanabhan, T R.
9 (RLIN) 44351
245 ## - TITLE STATEMENT
Title Cryptography and security.
250 ## - EDITION STATEMENT
Edition statement 1st ed.
260 ## - PUBLICATION, DISTRIBUTION, ETC.
Place of publication, distribution, etc. New Delhi :
Name of publisher, distributor, etc. Wiley India ,
Date of publication, distribution, etc. 2011
300 ## - PHYSICAL DESCRIPTION
Extent xxx, 529p.
Other physical details PB
Dimensions 23 cm.
650 ## - SUBJECT ADDED ENTRY--TOPICAL TERM
Topical term or geographic name entry element Cryptography-Data encryption
9 (RLIN) 44352
650 ## - SUBJECT ADDED ENTRY--TOPICAL TERM
Topical term or geographic name entry element Number Theory and Algebra
9 (RLIN) 44366
650 ## - SUBJECT ADDED ENTRY--TOPICAL TERM
Topical term or geographic name entry element Private-Key Cryptography
9 (RLIN) 44367
650 ## - SUBJECT ADDED ENTRY--TOPICAL TERM
Topical term or geographic name entry element Public-Key Cryptography
9 (RLIN) 44368
650 ## - SUBJECT ADDED ENTRY--TOPICAL TERM
Topical term or geographic name entry element Network Security
9 (RLIN) 44369
942 ## - ADDED ENTRY ELEMENTS (KOHA)
Source of classification or shelving scheme Dewey Decimal Classification
Koha item type Book
Edition 1
Call number prefix 005.82 HARN
Holdings
Withdrawn status Lost status Source of classification or shelving scheme Damaged status Not for loan Collection code Home library Current library Source of acquisition Cost, normal purchase price Inventory number Total Checkouts Full call number Barcode Date last seen Cost, replacement price Price effective from Koha item type
    Dewey Decimal Classification     MCA St Aloysius Institute of Management & Information Technology St Aloysius Institute of Management & Information Technology Higginbothams Pvt Ltd 429.00 Bill no:1543; Bill dt:2011-08-18   005.82 HARN MCA10998 05/23/2026 321.75 07/16/2021 Book
    Dewey Decimal Classification     MCA St Aloysius Institute of Management & Information Technology St Aloysius Institute of Management & Information Technology Higginbothams Pvt Ltd 429.00 Bill no:1543; Bill dt:2011-08-18   005.82 HARN MCA11016 05/23/2026 321.75 07/16/2021 Book
    Dewey Decimal Classification     MCA St Aloysius Institute of Management & Information Technology St Aloysius Institute of Management & Information Technology Higginbothams Pvt Ltd 429.00 Bill no:1743; Bill dt:2011-10-28   005.82 HARN MCA11216 05/23/2026 321.75 07/16/2021 Book